Innovation in Professional Education Steps on a Journey from Teaching to Learning

Gespeichert in:
Bibliographische Detailangaben
1. Verfasser: Boyatzis, Richard E.
Weitere Verfasser: Cowen, Scott S., Kolb, David A.
Format: Buch
Sprache:Englisch
Veröffentlicht: San Francisco Jossey-Bass Publ. 1995
Ausgabe:1. ed.
Schriftenreihe:<A> joint publication in the Jossey-Bass management series and the Jossey-Bass higher and adult education series
Schlagworte:
Tags: Tag hinzufügen
Keine Tags, Fügen Sie das erste Tag hinzu!

MARC

LEADER 00000nam a2200000 4500
001 c020161
005 20221205133122.6
020 |a 0-7879-0032-X 
041 0 |a eng 
044 |a US 
245 1 0 |a Innovation in Professional Education  |b Steps on a Journey from Teaching to Learning  |c Richard E. Boyatzis, Scott S. Cowen, David A. Kolb 
250 |a 1. ed. 
264 1 |a San Francisco  |b Jossey-Bass Publ.  |c 1995 
300 |a 280 s. 
490 1 |a <A> joint publication in the Jossey-Bass management series and the Jossey-Bass higher and adult education series 
830 0 |a <A> joint publication in the Jossey-Bass management series and the Jossey-Bass higher and adult education series 
610 2 0 |a vzdelávanie 
610 2 0 |a školy odborné 
610 2 0 |a školy stredné 
610 2 0 |a školy vysoké 
610 2 0 |a inovácia 
610 2 0 |a metodika 
610 2 0 |a vyučovanie 
610 2 0 |a manažment 
100 1 |a Boyatzis, Richard E. 
700 1 |a Cowen, Scott S. 
700 1 |a Kolb, David A.